000 00620nam a2200229Ia 4500
003 OSt
005 20220923225620.0
006 a|||||r|||| 00| 0
007 ta
008 Pun
024 _a272,638
037 _cTextual
040 _aARTS
_cARTS
_bPun
041 _2Pun
_aPun
082 _aQ2313:33, 153K3;P5
100 _aਕੰਵਲਜੀਤ ਕੌਰ
245 0 _aਗੋਰਖ ਬਾਣੀ
260 _aਪਟਿਆਲਾ
_b ਭਾFਾ ਵਿਭਾਗ
_c2005
650 _aਧਰਮ
942 _hQ2313:33, 153K3;P5
_cTEXL
_2CC
999 _c379490
_d379490